000 01056nam a2200277 a 4500
001 000038810
003 DO-SdBNP
005 20260202091016.0
008 130425s2013 dr a 001 0 spa d
040 _aDO-SdBNP
_bspa
_cBNPHU
082 4 _a158.1
_bD542h
_222
100 1 _aDíaz Hilario, Zoilo Fernando,
_d1980-
_965107
245 1 3 _aEl hombre en su existencia /
_cZoilo Díaz.
260 _aSantiago de los Caballeros, República Dominicana :
_bs.n. ,
_c2013.
300 _a139 p. :
_bilustraciones ;
_c22 cm.
500 _aEn la portada: La felicidad de tu vida depende de la calidad de tus pensamientos
500 _aIncluye datos biográficos del autor en la contracubierta.
590 _aInventariado, 2018/LP
590 _aLa biblioteca posee tres ejemplares autografíados por el autor.
650 0 _aRelaciones humanas
_9606
650 4 _aComunicación interpersonal
_921034
650 0 _aPsicología aplicada
_91579
650 4 _aSuperación personal
_2Sears
_910825
910 _aValidado. Control de calidad EMS.
942 _2ddc
_cLBS1
999 _c38300
_d38300